000 00924nam a22002657a 4500
005 20170123162348.0
010 _aB-029365
020 _c125.00
_a81230818
035 _aB-029365
037 _bCen Lib/Ret
040 _aDPL
_bUR
082 _a842
_bف ا ر
245 _aآبکل کے ڈرامے/
_cمرتبه محبوب الرحماں فاروقی اور محمّد کاظم
246 _aAaj-klal ke drame/
_bedted by Mehboob Al-rehmani and Mohd Kazim
260 _aنی دہلی
_bپبلکٹوں وایزن
_c1999
270 _aپدیالا ہاؤس
_bنی دہلی
300 _a246p.
_c21cm(Hb)
650 _aاردو ادب
_9134810
650 _aاردو -- ڈراما
_9134811
650 _v
_aUrdu --Literature
_9134812
650 _aUrdu --drama
_9134813
700 _aAl-rehmani، Mehboob
_9134814
700 _aMohd Kazim
_9134815
942 _2ddc
_cUR
_h842
_mف ا ر
999 _c109024
_d109024